| 000 | 00377pab a2200145 454500 | ||
|---|---|---|---|
| 008 | 180718b2004 xxu||||| |||| 00| 0 eng d | ||
| 100 | _aSinha, Dhami P. | ||
| 245 | _aLeadership challenges in the new millennium | ||
| 260 | _c2004 | ||
| 300 | _ap.14-26. | ||
| 362 | _aJan-Mar | ||
| 650 | _aLeadership | ||
| 773 | _aIndian Journal of Training and Development | ||
| 909 | _a60483 | ||
| 999 |
_c60483 _d60483 |
||